00801nam a22002417a 450000500170000001000300001702000260004703500130007303500170008603500130010303700210011603700130013708200130015010000200016324500930018326000330027627000650030930000490037450000190042352000610044260000200050365000360052320170517142826.0 a1516EN07 ENG-114801 a9780143424840c399.00 aEN-98333 aB-600355-371 aB-669784 adplbPragati/Ven bDBAD/PUB a327.2092 aMehta, Jagat S. aThe tryst betrayed :cby Jagat S. lllllMehtabreflections on diplomacy and development / bPenguin Booksc2015aGurgaon a7th Floor, Infinity Tower C, DLF Cyber CitybGurgaone122002 axi,342p., [8] p. of plates :c22cm(pbk)bill aincludes index a Memoirs of the author, former Indian foreign secretary. aMehta, Jagat S. a DiplomatszIndia vBiography.